Countries More Populous Than Their Neighbors - 2100 - Statistics

General Stats
  • This quiz has been taken 147 times
    139 since last reset
  • The average score is 11 of 15
Answer Stats
Countries it Borders Answer % Correct
Canada, Mexico United States
96%
Bangladesh, Bhutan, China, Myanmar, Nepal, Pakistan India
92%
Ireland United Kingdom
92%
Argentina, Bolivia, Colombia, France, Guyana, Paraguay, Suriname, Uruguay, Venezuela Brazil
91%
Benin, Cameroon, Chad, Niger Nigeria
89%
East Timor, Malaysia, Papua New Guinea Indonesia
88%
Angola, Burundi, Central African Republic, Republic of the Congo, Rwanda, South Sudan, Tanzania, Uganda, Zambia Democratic Republic of the Congo
85%
Israel, Libya, Sudan Egypt
83%
Djibouti, Kenya, Eritrea, Somalia, South Sudan, Sudan Ethiopia
81%
North Korea South Korea
72%
Dominican Republic Haiti
69%
Finland, Norway Sweden
60%
Iran, Jordan, Kuwait, Saudi Arabia, Syria, Turkey Iraq
56%
Oman, Saudi Arabia Yemen
44%
Burkina Faso, Ghana, Guinea, Liberia, Mali Cote d'Ivoire
23%
No matching quizzes found
Score Distribution
Percent of People with Each Score
Percentile by Number Answered
Your Score History
You have not taken this quiz since the last reset